000 00953cam a22003134a 4500
999 _c224
_d224
001 16157503
003 OSt
005 20210501153542.0
008 100325s2011 nyua b 001 0 eng
010 _a 2010012897
016 7 _a101527368
_2DNLM
020 _a9780071602266
020 _a0071602267
035 _a(OCoLC)ocn592450907
040 _aDNLM/DLC
_cDLC
_dYDX
_dNLM
_dYDXCP
_dDNJ
_dCDX
_dDLC
042 _apcc
050 0 0 _aRD41
_b.Z65 2011
082 0 0 _aWO517 Z75a 2011
100 1 _aZollinger, Robert Milton; Ellison, E. Christopher.
_9597
245 1 0 _aZollinger's Atlas of Surgical Operations
250 _a9th ed.
260 _aNew York :
_bMcGraw-Hill Medical,
_cc2011.
300 _av, 506 p. :
_bcol. ill. ;
_c37 cm.
504 _aIncludes bibliographical references and index.
650 0 _aSurgery, atlas
_9598
650 1 2 _aSurgical Procedures
_9601
906 _a7
_bcbc
_corignew
_d1
_eecip
_f20
_gy-gencatlg
942 _2z
_cB_BANK